| 000 | 00791cam a22002413a 4500 | ||
|---|---|---|---|
| 001 | 19006 | ||
| 003 | PGUSA | ||
| 005 | 20140828083413.0 | ||
| 008 | 060808s2006||||xxu|||||s|||||000 | eng d | ||
| 040 |
_aPGUSA _beng |
||
| 042 | _adc | ||
| 050 | 4 | _aSB | |
| 100 | 1 |
_aGregory, James John Howard, _d1827-1910 |
|
| 245 | 1 | 0 |
_aCabbages and Cauliflowers : _bHow to Grow Them : A Practical Treatise, Giving Full Details On Every Point, Including Keeping And Marketing The Crop _h[electronic resource] / _cJames John Howard Gregory |
| 260 |
_bProject Gutenberg, _c2006 |
||
| 506 | _aPublic domain in the USA. | ||
| 516 | _aElectronic text | ||
| 653 | _aCabbage | ||
| 653 | _aCauliflower | ||
| 830 | 0 |
_aProject Gutenberg _v19006 |
|
| 856 | 4 | 0 | _uhttp://www.gutenberg.org/ebooks/19006 |
| 942 | _cEB | ||
| 999 |
_c248261 _d248261 |
||